书目信息 |
| 题名: |
稻生一
|
|
| 作者: | 陈默 著 | |
| 分册: | ||
| 出版信息: | 长沙 中南大学出版社 2018 |
|
| 页数: | 386页 | |
| 开本: | 24cm | |
| 丛书名: | 袁隆平丛书 | |
| 单 册: | ||
| 中图分类: | I253.6 , S511.035.1 | |
| 科图分类: | ||
| 主题词: | 纪实文学--ji shi wen xue--中国--当代 , 水稻--shui dao--杂交育种--技术推广--中国 | |
| 电子资源: | ||
| ISBN: | 978-7-5487-3286-0 | |
| 000 | 01086cam 2200289 450 | |
| 001 | 012001007659 | |
| 005 | 20130121103448.0 | |
| 010 | @a978-7-5487-3286-0@dCNY58.00 | |
| 099 | @aCAL 012018182922 | |
| 100 | @a20181008d2018 em y0chiy50 ea | |
| 101 | 0 | @achi |
| 102 | @aCN@b430000 | |
| 105 | @aa z 000zy | |
| 106 | @ar | |
| 200 | 1 | @a稻生一@Adao sheng yi@f作者陈默 |
| 210 | @a长沙@c中南大学出版社@d2018 | |
| 215 | @a386页@c图@d24cm | |
| 225 | 2 | @a袁隆平丛书@Ayuan long ping cong shu |
| 330 | @a本书主要通过方志辉的成长经历、家庭趣事及其团队在海外拼搏中的生动故事,艺术地再现了袁隆平及其团队为了解决人类吃饭问题的拼搏奋斗史,详细记录了中国进行杂交水稻外交的种种艰难险阻和喜人收获,同时更着力诠释了当代中国自然科学家无私奉献、不畏艰险、披荆斩棘、勇攀高峰的创新求索精神。 | |
| 410 | 0 | @12001 @a袁隆平丛书 |
| 606 | 0 | @a纪实文学@Aji shi wen xue@y中国@z当代 |
| 606 | 0 | @a水稻@Ashui dao@x杂交育种@x技术推广@y中国 |
| 690 | @aI253.6@v5 | |
| 690 | @aS511.035.1@v5 | |
| 701 | 0 | @a陈默@Achen mo@4著 |
| 801 | 0 | @aCN@b上海新华@c20191020 |
| 905 | @b1133861-4@dI253.6@e1108@f4 | |
| 稻生一/作者陈默.-长沙:中南大学出版社,2018 |
| 386页:图;24cm.-(袁隆平丛书) |
| ISBN 978-7-5487-3286-0:CNY58.00 |
| 本书主要通过方志辉的成长经历、家庭趣事及其团队在海外拼搏中的生动故事,艺术地再现了袁隆平及其团队为了解决人类吃饭问题的拼搏奋斗史,详细记录了中国进行杂交水稻外交的种种艰难险阻和喜人收获,同时更着力诠释了当代中国自然科学家无私奉献、不畏艰险、披荆斩棘、勇攀高峰的创新求索精神。 |
| ● |
| 相关链接 |
|
|
|
|
正题名:稻生一
索取号:I253.6/1108
 
预约/预借
| 序号 | 登录号 | 条形码 | 馆藏地/架位号 | 状态 | 备注 |
| 1 | 1133861 | 211338612 | 第一样本阅览室/ [索取号:I253.6/1108] | 在馆 | |
| 2 | 1133862 | 211338621 | 第二借阅区/ [索取号:I253.6/1108] | 在馆 | |
| 3 | 1133863 | 211338630 | 第二借阅区/ [索取号:I253.6/1108] | 在馆 | |
| 4 | 1133864 | 211338649 | 第二借阅区/ [索取号:I253.6/1108] | 在馆 |